Perfiles y causas de la pobreza en Honduras: la política social /

Gespeichert in:
Bibliographische Detailangaben
1. Verfasser: Cid, José Rafael del
Weitere Verfasser: Kruijt, Dirk
Format: Text
Schlagworte:
Tags: Tag hinzufügen
Keine Tags, Fügen Sie den ersten Tag hinzu!

MARC

LEADER 00000 a a2200000 04500
001 45148
003
040
090 |a 03.02.05 C568p  
100 |a Cid, José Rafael del 
245 |a Perfiles y causas de la pobreza en Honduras:   |b la política social /  |c José Rafael del Cid; Dirk Kruijt  
650 |a POBREZA  
650 |a INGRESO  
650 |a DISTRIBUCION DEL INGRESO  
650 |a DISCRIMINACION BASADA EN EL SEXO  
650 |a POLITICA SOCIAL  
650 |a CRECIMIENTO DEMOGRAFICO  
700 |a Kruijt, Dirk  
773 |g págias 49-78  
999 |c 23418  |d 23418